00382nam a2200145Ia 4500003000400000005001700004008004100021020001800062040000900080082002600089100002300115245004600138260004300184300000900227OSt20200130133411.0190216s9999||||xx |||||||||||||| ||und|| a9788126133055 coclc a352.3802854678bTRI/E a Tripathi, Vishwas 0aE-Governance In India /cVishwas Tripathi bAnmol Publications,c2008.aNew Delhi: a264p